Normal view
MARC view
- Zafar Maqbook, Mian
Entry Personal Name
001 - CONTROL NUMBER
- control field: 80700
003 - CONTROL NUMBER IDENTIFIER
- control field: NUST
005 - DATE AND TIME OF LATEST TRANSACTION
- control field: 20210628210724.0
008 - FIXED-LENGTH DATA ELEMENTS
- fixed length control field: 210628|| aca||aabn | a|a d
040 ## - CATALOGING SOURCE
- Original cataloging agency: NUST
- Transcribing agency: NUST
100 ## - HEADING--PERSONAL NAME
- Personal name: Zafar Maqbook, Mian
670 ## - SOURCE DATA FOUND
- Source citation: Work cat.: (NUST): Zafar Maqbook, Mian, Saif ul malook,mian muhammad buksh, 2000
